000 00288nam a22001217a 4500
003 OSt
008 150620b xxu||||| |||| 00| 0 eng d
100 1 _aKehr, Ernest A.
041 _aeng
245 1 0 _aVatican Stamps
260 _aNewark 2, New Jersey
_bThe Washington Press
300 _a0 pages
999 _c1601
_d1601